00281nam a2200097Ia 4500008004100000082001500041100001800056245003900074260005000113300002000163230907s9999||||xx |||||||||||||| ||und|| a697.7bBAN aBanks, David, 3aAn introduction to thermogeology : aJohn Wiley & Sons, Ltd.,bHoboken, NJ :c2012 axviii, 526 p. :